000 00731nam a22002417a 4500
005 20170124105916.0
010 _aA-822358
020 _c490.00
_a8172245106
035 _aA-822358
037 _bCen Lib/Ret
040 _aDPL
_bEN
082 _a023
_bJOR
100 _aJordan, Peter
_9106616
245 _aStaff management in library and information work /
_cby Peter Jordan
246 _b
260 _bJaico Publishing House
_c1996
_aBombay
270 _bBombay
_a121, M. G. Road
_e400023
300 _axii, 264p.
_c24cm(Hb)
500 _aincludes bibliographical references and index
650 _aLibrary Science
_9106617
650 _aStaff Appraisal
_x
_9106618
942 _2ddc
_cEN
_h023
_mJOR
999 _c122822
_d122822